Gaming Quiz

Random Gaming or Letter Quiz

'S' Pokemon Quiz Stats

Quiz not verified by Sporcle

Challenge
Share
Tweet
Embed
Score 0/94 Timer 11:00
0 Plays Today
Type Pokemon % Correct
GroundSandslash
91%
Dark/GhostSableye
90.3%
GroundSandshrew
89.7%
Water/PsychicSlowbro
89%
Water/PsychicSlowking
89%
Water/PsychicSlowpoke
89%
Steel/FlyingSkarmory
88.4%
Bug/SteelScizor
87.7%
WaterSeel
87.7%
Bug/FlyingScyther
87.1%
Dragon/FlyingSalamence
85.8%
Normal/FlyingStaraptor
85.2%
GrassSerperior
83.9%
GrassSnivy
83.9%
Normal/FlyingStarly
83.9%
Water/PsychicStarmie
83.9%
WaterStaryu
83.9%
Steel/GroundSteelix
83.9%
WaterSeaking
82.6%
Dark/IceSneasel
82.6%
Rock/PsychicSolrock
82.6%
Normal/FlyingStaravia
82.6%
Ghost/DarkSpiritomb
81.9%
Ice/WaterSpheal
81.3%
Ice/WaterSealeo
80.6%
Grass*Shaymin
80%
Bug/GhostShedinja
80%
Ice/PsychicSmoochum
80%
WaterSquirtle
80%
Water/GroundSwampert
80%
Dark/FightingScraggy
79.4%
WaterSeadra
79.4%
Type Pokemon % Correct
Bug/WaterSurskit
79.4%
Ice/GroundSwinub
79.4%
GrassServine
78.7%
GhostShuppet
78.7%
Dark/FightingScrafty
78.1%
Ground/DarkSandile
77.4%
Ground/ElectricStunfisk
77.4%
Normal/FlyingSwellow
77.4%
Grass/DarkShiftry
76.8%
GrassSimisage
76.8%
Poison/DarkSkuntank
76.8%
Poison/DarkStunky
76.8%
DragonShelgon
76.1%
WaterSimipour
76.1%
FireSimisear
76.1%
Grass/IceSnover
76.1%
Normal/FlyingSpearow
76.1%
Bug/GrassSewaddle
75.5%
WaterShellder
75.5%
Water/DarkSharpedo
74.8%
Bug/RockShuckle
74.8%
Grass/FlyingSkiploom
74.8%
Grass/BugSwadloon
74.8%
PoisonSeviper
74.2%
Psychic/FlyingSigilyph
74.2%
Poison/BugSkorupi
74.2%
Bug/PoisonScolipede
73.5%
IceSnorunt
73.5%
GrassSunflora
71.6%
FightingSawk
71%
GrassSceptile
71%
GrassSunkern
71%
Type Pokemon % Correct
NormalSlaking
70.3%
FireSlugma
70.3%
Normal/GrassSawsbuck
69.7%
BugSilcoon
69.7%
Bug/PoisonSpinarak
69%
GrassSeedot
68.4%
NormalSlakoth
68.4%
WaterShellos
67.1%
WaterSuicune
67.1%
ElectricShinx
66.5%
Psychic/FlyingSwoobat
66.5%
NormalSpinda
65.8%
NormalStantler
64.5%
WaterSamurott
63.9%
NormalSnorlax
63.9%
Water/FlyingSwanna
63.2%
Rock/SteelShieldon
62.6%
Normal/FlyingSwablu
61.9%
NormalSentret
61.3%
PoisonSwalot
61.3%
Water/GroundSeismitoad
60.6%
NormalSmeargle
60.6%
NormalSkitty
60%
PsychicSpoink
59.4%
BugShelmet
56.8%
RockSudowoodo
56.1%
NormalSnubbull
55.5%
GrassShroomish
53.5%
PsychicSolosis
52.3%
NormalStoutland
45.8%

You're not logged in!

Compare scores with friends on all Sporcle quizzes.
Sign Up with Email
OR
Log In

You Might Also Like...

Show Comments

Extras

Top Quizzes Today


Score Distribution

Your Account Isn't Verified!

In order to create a playlist on Sporcle, you need to verify the email address you used during registration. Go to your Sporcle Settings to finish the process.